Регионална библиотека "Любен Каравелов" - Русе

Славянобългарска история (Запис номер 171656)

MARC детайли
000 -Лидер
Контролно поле с фиксирана дължина 01559nam a2200373 c 4500
003 - Код на организацията, давaща контролен номер
Контролно поле BLK
005 - Дата и час на последна редакция
Контролно поле 20250329154943.0
008 - Елементи от данни с фиксирана дължина
fixed length control field 180411b bul|||||r ||||||| ||bul||
010 ## - Наследен системен номер
LC control number KNG00179938000
040 ## - Източник на каталожния запис
Идентификатор на билиотеката - собственик на записа BLK
041 ## - Код за език
Код за езика на текст/звукозапис или на отделно заглавие Български
Код за езика КДБФ Български
080 ## - УДК
Текстов определител УДК Българска литература
УДК код - определител по УДК 821.163.2
УДК определител -94
УДК - код + определител 821.163.2-94
080 ## - УДК
Текстов определител УДК История на България
УДК код - определител по УДК 94(497.2)
УДК определител (093)
УДК - код + определител 94(497.2)(093)
100 ## - Редна дума - Автор
Автор Паисий Хилендарски
Дати, свързани с автора 1722-1773
Автор - информация (биография) Народен будител
Пълна форма на името Хадживълчев, Пенко (Петър) Михаилов
R(LIN) 251543
139 ## - Редно поле
Редна дума Паисий Хилендарски
Авторски знак Пад - П 14
245 10 - Сведения за заглавието
Заглавие Славянобългарска история
Редно поле (дума) Паисий Хилендарски; под ред. и с предг. от Петър Николов Динеков.
250 ## - Област на изданието
Сведения за изданието 3. изд.
257 ## - Страна на издаване
Страна на създаване/издаване България
260 ## - Област на издателските данни
-- София
Име на издателя, разпространителя и проч. Бълг. писател
Година на издаване 1962
300 ## - Физическа характеристика
Страници 108 с.
Размери/Мащаб 20 см
380 ## - Жанр
Жанр Худож. лит.
490 1# - СЕРИИ (Колекции)
Име на серия Библиотека за ученика
500 ## - Общи забележки
Забележка 1. изд. 1960. - 20 100 тир.
650 #0 - Допълнително описание по предмет – тема
Основно описание – тема или топоним България - история - извори
9 (RLIN) 254752
653 ## - Ключова дума – ненормативна
Ключова дума българска история
653 ## - Ключова дума – ненормативна
Ключова дума извори
700 1# - Други автори (авторска отговорност)
Лично име Динеков, Петър Николов
Автороска отговорност (Описва отношението между автора и произведението) под ред. и с предг. от
9 (RLIN) 363799
852 ## - Местоположение
Форматна сигнатура Цб 24747
856 4# - Електронен адрес и достъп
Електронен формат pdf - файл
Път до файла /url/
856 4# - Електронен адрес и достъп
Електронен формат pdf - файл
Път до файла /url/
942 ## - АРТИКУЛИ
Вид на библиотечния материал Книги
Скрит в OPAC Не
944 ## - СЪЗДАВАНЕ И РЕДАКЦИЯ на ЗАПИСА
Създаване/Редакция Създаване
Дата на регистрацията/редакция 17.08.2015
Служител, извършил регистрацията/редакцията 30560
Статус, дата на статуса Геновева Генчева
944 ## - СЪЗДАВАНЕ И РЕДАКЦИЯ на ЗАПИСА
Създаване/Редакция Редакция
Дата на регистрацията/редакция 17.08.2015
Служител, извършил регистрацията/редакцията Кети_Илиева
999 ## - СИСТЕМНИ КОНТРОЛНИ НОМЕРА
Koha biblionumber 171656
Koha biblioitemnumber 171656
Наличности
Код за отписване Код за изгубен артикул Източник на класификационната схема Код за повреда Коз за рестрикции Код за отдаване Артикулен № Име на библиотеката - собственик Име на библиотеката, в която се намира в момента Статус (Текущо местоположение) Дата на вписване в системата Местоположение - отдел Цена в лева Инвентарен номер Систематично азбучна сигнатура Баркод Номер на екземпляра Цена в евро Служебна бележка Служебен тип на артикула
  Не е изгубен Universal Decimal Classification Не е повреден без рестрикции ползва се в читалня 291839 Регионална библиотека "Любен Каравелов" Русе Регионална библиотека "Любен Каравелов" Русе Хранилище 1962-01-01 Хранилище 0.24 18442/62 Цб 24747 900000090126 1 0.12 Вид: Сф Дата: 01.01.1962 Книги
Изтеглен Не е изгубен Universal Decimal Classification Не е повреден без рестрикции заемане за дома 291840 Регионална библиотека "Любен Каравелов" Русе Регионална библиотека "Любен Каравелов" Русе Заемна - подръчен фонд 1962-01-01 Заемна - подръчен фонд 0.00 16639/62 П 886.7-94/П 14 16639/62 2 0.00 Вид: Сф Дата: 01.01.1962 Книги
Изтеглен Не е изгубен Universal Decimal Classification Не е повреден без рестрикции заемане за дома 291841 Регионална библиотека "Любен Каравелов" Русе Регионална библиотека "Любен Каравелов" Русе Заемна - подръчен фонд 1962-01-01 Заемна - подръчен фонд 0.00 16641/62 П 886.7-94/П 14 16641/62 3 0.00 Вид: Сф Дата: 01.01.1962 Книги
Изтеглен Не е изгубен Universal Decimal Classification Не е повреден без рестрикции заемане за дома 291842 Регионална библиотека "Любен Каравелов" Русе Регионална библиотека "Любен Каравелов" Русе Заемна - подръчен фонд 1962-01-01 Заемна - подръчен фонд 0.00 16642/62 П 886.7-94/П 14 16642/62 4 0.00 Вид: Сф Дата: 01.01.1962 Книги
Vip Innovations Ltd, Rousse, Bulgaria 2025